[Event "Criciuma op-B"]
[Site "Criciuma"]
[Date "2024.01.16"]
[Round "7"]
[White "Juliano, Luiz Augusto Porto"]
[Black "Carvalho, Kayle Fabricio Amor"]
[Result "1-0"]
[WhiteElo "1656"]
[BlackElo "1420"]
[PlyCount "37"]
[EventDate "2024.01.12"]
[EventType "swiss"]
[EventRounds "9"]
[EventCountry "BRA"]
[SourceTitle "CB04_2024"]
[SourceDate "2023.10.16"]
[SourceVersion "1"]
[SourceVersionDate "2023.10.16"]
[SourceQuality "1"]

1. c4 c5 2. g3 Nf6 3. Bg2 e6 4. Nf3 d5 5. cxd5 exd5 6. d4 c4 7. 0-0 Bd6 8. b3 b5 9. a4 Bd7 10. axb5 Bxb5 11. Nc3 Bc6 12. bxc4 dxc4 13. d5 Bb7 14. e4 0-0 15. Rb1 Qe7 16. e5 Bxe5 17. Re1 Ng4 18. Nxe5 Re8 19. Qxg4 1-0

[Event "Florianopolis op 8th"]
[Site "Florianopolis"]
[Date "2022.01.27"]
[Round "6"]
[White "Ribeiro, Regina"]
[Black "Juliano, Luiz Augusto Porto"]
[Result "1-0"]
[WhiteElo "1908"]
[BlackElo "1690"]
[PlyCount "75"]
[EventDate "2022.01.24"]
[EventType "swiss"]
[EventRounds "10"]
[EventCountry "BRA"]
[SourceTitle "CBM 206 Extra"]
[Source "ChessBase"]
[SourceDate "2022.03.31"]
[SourceVersion "1"]
[SourceVersionDate "2022.03.31"]
[SourceQuality "1"]

1. Nf3 Nf6 2. b3 g6 3. Bb2 Bg7 4. g3 c5 5. Bg2 Nc6 6. 0-0 0-0 7. c4 d6 8. d4 cxd4 9. Nxd4 Bd7 10. Nc3 Qc8 11. Rc1 Bh3 12. Nd5 Bxg2 13. Kxg2 Qd7 14. Nxc6 Nxd5 15. Bxg7 Nf4+ 16. gxf4 Qxc6+ 17. Qd5 Kxg7 18. Rfd1 Rfc8 19. e4 Qa6 20. Qd4+ Kg8 21. a4 Qa5 22. Rd3 a6 23. f5 Rc6 24. f4 Rac8 25. Rcd1 Qc5 26. Qc3 b5 27. axb5 axb5 28. fxg6 hxg6 29. Rh3 f6 30. Qg3 Kg7 31. Rd5 Qa3 32. Rxb5 Ra6 33. Qh4 Qb2+ 34. Kg3 Ra1 35. Qh7+ Kf8 36. Qh8+ Kf7 37. Rh7+ Ke6 38. Qxc8# 1-0